Loading...

Interpersonal Conflicts at Work

Bibliographic Details
Main Author: Robert J Edelmann
Format: Printed Book
Published: Hyderabad Universities Press 2000
Subjects:
LEADER 00662nam a22001931a 4500
020 |a 9788173713477  |c 0.00 
040 |a SSUS - Library - Kalady 
082 |a 658.314 5  |b ROB/I 
100 |a Robert J Edelmann  
245 |a Interpersonal Conflicts at Work  |h [Text] 
260 |a Hyderabad  |b Universities Press  |c 2000 
300 |a 110p. 
500 |a Edelmann Robert 
600 |a Interpersonal Relations 
600 |a Personal Management 
852 |h 658.314 5  |i ROB/I  |p 024651  |9 120.00  |t 0 
942 |c BK 
999 |c 20525  |d 20525 
952 |0 0  |1 0  |4 0  |6 658_314000000000000_5_ROB_I  |7 0  |9 28817  |a SSUS  |b SSUS  |d 2015-01-08  |g 120.00  |o 658.314 5 ROB/I  |p 024651  |r 2015-01-08  |v 0.00  |w 2015-01-08  |y BK